000 00535 a2200205 4500
020 _a0-415-35539-7
020 _a0-415-35539-7
082 0 4 _a808.066001
090 _c885
_d885
100 1 _aWoods, Peter,
245 1 0 _aSuccessful writing for qualitative researchers /
_cPeter Woods
250 _a2. ed.
260 _aLondon :
_bRoutledge,
_c2005
300 _a182 s. ;
_c24 cm.
500 _aPrevious ed.: 1999
650 0 _aReport writing
650 0 _aReport writing
_xMarketing
650 0 _aAuthorship
942 _cBK
_k808.06001
999 _c4855
_d4855